|
|
|
|
| LEADER |
00000nlm2a2200000 4500 |
| 001 |
342791 |
| 005 |
20231102005505.0 |
| 035 |
|
|
|a (RuTPU)RU\TPU\book\372042
|
| 090 |
|
|
|a 342791
|
| 100 |
|
|
|a 20190401d2019 k y0rusy50 ca
|
| 101 |
0 |
|
|a rus
|
| 102 |
|
|
|a RU
|
| 135 |
|
|
|a drcn ---uucaa
|
| 181 |
|
0 |
|a i
|
| 182 |
|
0 |
|a b
|
| 200 |
0 |
|
|a Т. 330, № 3
|
| 203 |
|
|
|a Текст
|c электронный
|
| 210 |
|
|
|d 2019
|
| 320 |
|
|
|a Библиогр. в конце статей
|
| 452 |
|
1 |
|0 (RuTPU)RU\TPU\book\373591
|x 2500-1019
|t Т. 330, № 3
|d 2019
|p 224 с.
|
| 461 |
|
1 |
|0 (RuTPU)RU\TPU\book\312844
|x 2413-1830
|t Известия Томского политехнического университета [Известия ТПУ]. Инжиниринг георесурсов
|f Национальный исследовательский Томский политехнический университет (ТПУ)
|v Т. 330, № 3
|d 2015-
|
| 601 |
0 |
2 |
|a Национальный исследовательский Томский политехнический университет (ТПУ)
|c (2009- )
|2 stltpush
|3 (RuTPU)RU\TPU\col\15902
|
| 606 |
1 |
|
|a Научно-технический потенциал
|2 stltpush
|3 (RuTPU)RU\TPU\subj\45166
|9 64427
|
| 610 |
1 |
|
|a научные исследования
|
| 610 |
1 |
|
|a труды учёных ТПУ
|
| 610 |
1 |
|
|a геоэкология
|
| 610 |
1 |
|
|a окружающая среда
|
| 610 |
1 |
|
|a математические модели
|
| 610 |
1 |
|
|a утилизация
|
| 610 |
1 |
|
|a химические реакции
|
| 610 |
1 |
|
|a экология
|
| 610 |
1 |
|
|a гидрогеологические факторы
|
| 610 |
1 |
|
|a газопроводы
|
| 610 |
1 |
|
|a ресурсосберегающие технологии
|
| 610 |
1 |
|
|a экосистемы
|
| 610 |
1 |
|
|a экспериментальные исследования
|
| 610 |
1 |
|
|a оптимизационные исследования
|
| 610 |
1 |
|
|a газификационные установки
|
| 610 |
1 |
|
|a миграции
|
| 610 |
1 |
|
|a гуминовые вещества
|
| 610 |
1 |
|
|a содовые озера
|
| 610 |
1 |
|
|a щелочные породы
|
| 610 |
1 |
|
|a карбонатные коры
|
| 610 |
1 |
|
|a климатические изменения
|
| 610 |
1 |
|
|a типоморфизм
|
| 610 |
1 |
|
|a золоторудные поля
|
| 610 |
1 |
|
|a компрессорные станции
|
| 610 |
1 |
|
|a кора выветривания
|
| 610 |
1 |
|
|a алюмосодержащие материалы
|
| 610 |
1 |
|
|a глиноземное производство
|
| 610 |
1 |
|
|a фильтрационные потоки
|
| 610 |
1 |
|
|a гидродинамические исследования
|
| 610 |
1 |
|
|a радиоэкологическая опасность
|
| 610 |
1 |
|
|a импорт
|
| 610 |
1 |
|
|a минеральное сырье
|
| 610 |
1 |
|
|a минерализация
|
| 610 |
1 |
|
|a нефтеотдача
|
| 610 |
1 |
|
|a высокомолекулярные соединения
|
| 610 |
1 |
|
|a промысловая подготовка
|
| 610 |
1 |
|
|a сейсмическая модель
|
| 610 |
1 |
|
|a катодное восстановление
|
| 675 |
|
|
|a 62
|v 3
|
| 801 |
|
2 |
|a RU
|b 63413507
|c 20200429
|g RCR
|
| 856 |
4 |
0 |
|u http://earchive.tpu.ru/bitstream/11683/53019/1/bulletin_tpu-2019-v330-i3.pdf
|
| 856 |
4 |
0 |
|u https://doi.org/10.18799/24131830/2019/3
|
| 942 |
|
|
|c CF
|